Statystyki dla Prowincje Holandii

Kliknij tutaj aby rozwiązać quiz!

Ogólne statystyki

  • Ten quiz został rozwiązany 500 razy
  • Średni wynik to 5 z 12

Odpowiedzi na mapie

Odpowiedzi skodowane kolorowo w zielono-czerwonej skali na mapie do tego quizu, zgodnie z poniższymi procentami.
 

Statystyki odpowiedzi

Prowincje% Poprawnych
Zelandia
71%
Holandia Północna
65%
Holandia Południowa
65%
Fryzja
63%
Utrecht
57%
Groningen
42%
Brabancja Północna
37%
Limburgia
35%
Drenthe
29%
Flevoland
29%
Overijssel
27%
Geldria
24%

Rozkład punktacji

Percentyl według liczby udzielonych odpowiedzi

Procent ludzi z każdym wynikiem

Twoja historia wyników

Nie rozwiązałeś tego quizu